[Event "Landesliga U20 Sued 1415"]
[Site "Bayern"]
[Date "2014.12.13"]
[Round "2.2"]
[White "Wachtel, Arthur"]
[Black "Rank, Thomas"]
[Result "1/2-1/2"]
[WhiteElo "1679"]
[BlackElo "1461"]
[PlyCount "91"]
[EventDate "2014.11.15"]
[EventType "team-tourn"]
[EventRounds "7"]
[EventCountry "GER"]
[SourceTitle "EXT 2022"]
[Source "ChessBase"]
[SourceDate "2021.10.06"]
[SourceVersion "1"]
[SourceVersionDate "2021.10.06"]
[SourceQuality "1"]
[WhiteTeam "Freising SK U20"]
[BlackTeam "Traunstein/Traunreut U20"]
[WhiteTeamCountry "GER"]
[BlackTeamCountry "GER"]

1. e4 c5 2. Nf3 Nc6 3. Bb5 a6 4. Bxc6 bxc6 5. d3 Nf6 6. Be3 Qb6 7. Nbd2 d5 8. Nb3 e6 9. e5 Ng4 10. Qd2 Nxe3 11. Qxe3 a5 12. Rb1 a4 13. Nbd2 Ba6 14. 0-0 Be7 15. Qf4 Qb4 16. Qxb4 cxb4 17. Rfe1 0-0 18. b3 axb3 19. axb3 Bb7 20. Ra1 c5 21. d4 Rfc8 22. Rec1 cxd4 23. Nxd4 Bg5 24. N4f3 Bxd2 25. Nxd2 Rxa1 26. Rxa1 Rxc2 27. Nf1 f6 28. Ra7 Bc8 29. exf6 gxf6 30. Ra4 Rc1 31. g3 e5 32. Kg2 Kf7 33. Rxb4 d4 34. Rc4 Rxc4 35. bxc4 Ba6 36. Nd2 Ke6 37. Kf3 f5 38. Ke2 Kd6 39. f3 Bc8 40. Kd3 h5 41. f4 Bb7 42. fxe5+ Kxe5 43. Ke2 Bc6 44. Nf3+ Ke4 45. Ng5+ Ke5 46. Nf3+ 1/2-1/2

[Event "Landesliga U20 Sued 1415"]
[Site "Bayern"]
[Date "2014.11.15"]
[Round "1.2"]
[White "Fesl, Henrik"]
[Black "Wachtel, Arthur"]
[Result "1/2-1/2"]
[WhiteElo "1643"]
[BlackElo "1679"]
[PlyCount "49"]
[EventDate "2014.11.15"]
[EventType "team-tourn"]
[EventRounds "7"]
[EventCountry "GER"]
[SourceTitle "EXT 2022"]
[Source "ChessBase"]
[SourceDate "2021.10.06"]
[SourceVersion "1"]
[SourceVersionDate "2021.10.06"]
[SourceQuality "1"]
[WhiteTeam "Ergolding FC U20"]
[BlackTeam "Freising SK U20"]
[WhiteTeamCountry "GER"]
[BlackTeamCountry "GER"]

1. d4 e6 2. c4 Nf6 3. Nc3 Bb4 4. a3 Bxc3+ 5. bxc3 b6 6. Bg5 h6 7. Bh4 Bb7 8. Qb3 d6 9. f3 Qe7 10. e4 e5 11. Bd3 0-0 12. Ne2 Nbd7 13. 0-0 c5 14. d5 Rfe8 15. a4 Nf8 16. Rab1 Ng6 17. Bg3 Nh5 18. a5 Qg5 19. Kf2 Nhf4 20. Bxf4 Nxf4 21. Nxf4 Qxf4 22. g3 Qd2+ 23. Be2 Qg5 24. axb6 a6 25. Qa2 1/2-1/2

[Event "GER-ch U12"]
[Site "Magdeburg"]
[Date "2014.06.12"]
[Round "8"]
[White "Suvorov, Luca"]
[Black "Wachtel, Arthur"]
[Result "1-0"]
[WhiteElo "1722"]
[BlackElo "1539"]
[PlyCount "91"]
[EventDate "2014.06.08"]
[EventType "swiss"]
[EventRounds "11"]
[EventCountry "GER"]
[SourceTitle "CBM 160 Extra"]
[Source "ChessBase"]
[SourceDate "2014.07.01"]
[SourceVersion "1"]
[SourceVersionDate "2014.07.01"]
[SourceQuality "1"]

1. d4 e6 2. Nf3 Nf6 3. c4 Bb4+ 4. Nbd2 Nc6 5. a3 Be7 6. g3 d6 7. Bg2 Bd7 8. 0-0 0-0 9. Qc2 Qc8 10. b3 h6 11. Bb2 d5 12. Ne5 dxc4 13. Bxc6 bxc6 14. Qxc4 Qb7 15. Rac1 Rfc8 16. Nxd7 Nxd7 17. Qxc6 Qxc6 18. Rxc6 Nb6 19. Rfc1 Bd8 20. e4 Rab8 21. R1c2 Rb7 22. Kg2 Kf8 23. a4 Rcb8 24. Ba3+ Ke8 25. h4 Rc8 26. f4 Be7 27. Bxe7 Kxe7 28. Kf2 Nd7 29. R2c3 Nb6 30. Kf3 h5 31. R6c5 g6 32. Ke2 f5 33. Re3 fxe4 34. Rxe4 Rd8 35. Rce5 Rd6 36. Nc4 Nxc4 37. bxc4 Rb2+ 38. Kf3 Rb4 39. d5 Rb3+ 40. Kg2 Rb4 41. c5 Rb2+ 42. Kh3 Ra6 43. Rxe6+ Rxe6 44. Rxe6+ Kf7 45. Rc6 Rb7 46. Ra6 1-0

[Event "GER-ch U12"]
[Site "Magdeburg"]
[Date "2014.06.08"]
[Round "2"]
[White "Wachtel, Arthur"]
[Black "Mantel, Ruben"]
[Result "1-0"]
[WhiteElo "1539"]
[BlackElo "1699"]
[PlyCount "97"]
[EventDate "2014.06.08"]
[EventType "swiss"]
[EventRounds "11"]
[EventCountry "GER"]
[SourceTitle "CBM 160 Extra"]
[Source "ChessBase"]
[SourceDate "2014.07.01"]
[SourceVersion "1"]
[SourceVersionDate "2014.07.01"]
[SourceQuality "1"]

1. e4 c5 2. Nf3 Nc6 3. Bb5 Qb6 4. Bxc6 Qxc6 5. Nc3 e6 6. 0-0 d6 7. d4 Nf6 8. e5 Nd7 9. Re1 d5 10. Be3 b6 11. Ne2 a5 12. c3 Ba6 13. Ng3 c4 14. h3 b5 15. Nh2 Nb6 16. f4 b4 17. f5 a4 18. fxe6 Qxe6 19. a3 b3 20. Rf1 Ra7 21. Ng4 h5 22. Nh2 g6 23. Rf6 Qc8 24. Rxb6 Be7 25. Qf3 Qd8 26. Rxa6 Rxa6 27. Rf1 Rf8 28. Bh6 Rh8 29. Qxf7+ Kd7 30. Qxd5+ Kc7 31. Qxd8+ Kxd8 32. Be3 Rf8 33. Rxf8+ Bxf8 34. Ne4 Ra5 35. Nf3 Kd7 36. Nfd2 Ke6 37. Nxc4 Ra6 38. Ncd6 Ra7 39. Kf2 Be7 40. c4 Bxd6 41. Nxd6 Ra8 42. Bg5 Rf8+ 43. Bf6 Rxf6+ 44. exf6 Kxd6 45. f7 Ke7 46. Kf3 Kxf7 47. Ke4 Ke6 48. d5+ Kd6 49. Kd4 1-0